02002nam a22002537i 4500999001700000003000900017008004100026040007100067082002100138100005000159245010300209260007100312300003200383505055000415650002800965650002300993650003901016650003901055650048201094856001901576942001601595945002101611952011601632  c23336d23336AR-CdUCM250724b20142014 pe||||| |||| 00| 0 spa d  aMUNICIPALIDAD PROVINCIAL DEL CUSCOcBIBLIOTECA MUNICIPAL DEL CUSCO  a340.4 / S13bS13  aSaco Chung, Urpi - Condori Lope, Juan de Dios  aDialogando la Justicia Comunal :bReflexiones sobre la experiencia en Pampacamara y Umato, Cusco /  aCusco :bEditorial Gráfica Bartolomé de las Casas S.A.C.c2014  a95 páginas. :c21 x15 cm.  aJusticia comunal, la justicia estatal -- La interculturalidad y el Diálogo -- Nuestras dificultades -- Historia de la justicia -- Las instituciones no gubernamentales -- Los usos y costumbres                                                                                                                                                                                                                                                                                                                                                                  aJusticia comunal951293  aEl Varayoq 951294  aRelaciones interpersonales 951295  arelaciones de manutención951296  a                                                                                                                                                                                                                                                                                                                                                                                                                                                                                      951297  fwww.cbc.org.pe  2ddccLIBROS  apbjrd24-07-2025  002ddc4070aSHbSHcCARTd2025-07-24eDepósito legalg10.00o340.4 / S13 pSH0000016946r2025-07-24yLIBROS